Eastern Utah Libraries Catalog: Duchesne, Heber, Roosevelt, & Vernal

A script for danger / (Record no. 288078)

MARC details
000 -LEADER
fixed length control field 01898nim a22004218i 4500
005 - DATE AND TIME OF LATEST TRANSACTION
control field 20200320194536.0
007 - PHYSICAL DESCRIPTION FIXED FIELD--GENERAL INFORMATION
fixed length control field sd fungnnuuneu
008 - FIXED-LENGTH DATA ELEMENTS--GENERAL INFORMATION
fixed length control field 150922s2015 nnnnj## f n eng d
020 ## - INTERNATIONAL STANDARD BOOK NUMBER
International Standard Book Number 9781613757314 (audiobook)
040 ## - CATALOGING SOURCE
Original cataloging agency MMLLC
Language of cataloging eng
Description conventions rda
Transcribing agency MMLLC
082 ## - DEWEY DECIMAL CLASSIFICATION NUMBER
Classification number [FIC]
100 ## - MAIN ENTRY--PERSONAL NAME
Personal name Keene, Carolyn,
Relator term author.
9 (RLIN) 8990
245 12 - TITLE STATEMENT
Title A script for danger /
Statement of responsibility, etc Carolyn Keene.
250 ## - EDITION STATEMENT
Edition statement Unabridged.
264 #1 - Production, Publication, Distribution, Manufacture, and Copyright Notice.
Place of production, publication, distribution, manufacture [United States]:
Name of producer, publisher, distributor, manufacturer [Oasis Audio],
Date of production, publication, distribution, manufacture, or copyr [2015].
264 #2 - Production, Publication, Distribution, Manufacture, and Copyright Notice.
Place of production, publication, distribution, manufacture Old Saybrook, Connecticut :
Name of producer, publisher, distributor, manufacturer www.micromarketing.org
300 ## - PHYSICAL DESCRIPTION
Extent [3] sound discs (approximately [4] hr.) :
Other physical details digital, CD audio ;
Dimensions 4 3/4 in.
336 ## - Content Type
Content type term spoken word
337 ## - Media type
Media type term audio
338 ## - Carrier type
Carrier type term audio disc
344 ## -
-- digital
-- optical
-- rda.
347 ## -
-- audio file
-- CD audio
-- rda.
490 0# - SERIES STATEMENT
Series statement Nancy Drew Diaries;
Volume number/sequential designation 10
500 ## - GENERAL NOTE
General note Title and description based on available researched data.
511 1# - PARTICIPANT OR PERFORMER NOTE
Participant or performer note Read by Jorjeana Marie.
520 ## - SUMMARY, ETC.
Summary, etc "When an old friend arrives in River Heights to film a movie, Nancy, Bess and George are invited to tour the set and meet a handsome movie actor before the production is threatened by a saboteur's escalating pranks."
650 #1 - SUBJECT ADDED ENTRY--TOPICAL TERM
Topical term or geographic name as entry element Drew, Nancy (Fictitious character)
Form subdivision Fiction.
9 (RLIN) 5674454
650 #1 - SUBJECT ADDED ENTRY--TOPICAL TERM
Topical term or geographic name as entry element Mystery and detective stories.
9 (RLIN) 5903664
650 #0 - SUBJECT ADDED ENTRY--TOPICAL TERM
Topical term or geographic name as entry element Motion picture actors and actresses
Form subdivision Juvenile fiction.
9 (RLIN) 5903665
650 #0 - SUBJECT ADDED ENTRY--TOPICAL TERM
Topical term or geographic name as entry element Motion picture producers and directors
Form subdivision Juvenile fiction.
9 (RLIN) 5903666
655 #7 - INDEX TERM--GENRE/FORM
Genre/form data or focus term Audiobooks.
Source of term lcgft
9 (RLIN) 5903667
700 1# - ADDED ENTRY--PERSONAL NAME
Personal name Marie, Jorjeana ,
Relator term narrator.
9 (RLIN) 5903668
942 ## - ADDED ENTRY ELEMENTS (KOHA)
Koha item type CD
948 ## - LOCAL PROCESSING INFORMATION (OCLC); SERIES PART DESIGNATOR (RLIN)
Series part designator, SPT (RLIN) 11/23/2015
z (OCLC) Sirsi
949 ## - LOCAL PROCESSING INFORMATION (OCLC)
n www.MicroMarketing.org 800-229-9887
949 ## - LOCAL PROCESSING INFORMATION (OCLC)
n www.MicroMarketing.org 800-229-9887
996 ## -
-- 126406
-- 34301001220401
-- JCD
-- CD
-- wcl
-- i
-- 6
-- 9.99
-- .CIRCNOTE. 3 discs
-- micromarketing
-- Kee
-- 11/30/2015
-- 08/26/2019
-- 08/05/2019
Holdings
Withdrawn status Lost status Source of classification or shelving scheme Materials specified (bound volume or other part) Damaged status Not for loan Collection code Home library Current library Shelving location Date acquired Cost, normal purchase price Total Checkouts Total Renewals Full call number Barcode Date last seen Date checked out Cost, replacement price Price effective from Koha item type
    Dewey Decimal Classification .CIRCNOTE. 3 discs     Junior Audiobooks Wasatch County Library Wasatch County Library Main Floor Junior Area 11/30/2015 9.99 11 4 J CD Keene 34301001220401 12/29/2025 12/23/2025 9.99 03/20/2020 Audiobook on CD
This project was made possible through a grant from the Institute of Museum and Library Service administered by the Utah State Library Division.

Wasatch County Library

  • 465 East 1200 South, Heber City, Utah 84032
  • Phone 435-654-1511 | Fax 435-654-6456

Hours

  • Monday - Friday 9:30 AM - 8:00 PM
  • Saturday 9:30 AM - 1:30 PM
  • Closed Sundays and Holidays